Principles of microbiology Ed 2 (Record no. 122584)

MARC details
000 -LEADER
fixed length control field 00533nam a2200217Ia 4500
008 - FIXED-LENGTH DATA ELEMENTS--GENERAL INFORMATION
fixed length control field 210210b2015 xxu||||| |||| 00| 0 eng d
020 ## - INTERNATIONAL STANDARD BOOK NUMBER
International Standard Book Number 9789339219871
041 ## - LANGUAGE CODE
Language code of text/sound track or separate title eng
082 ## - DEWEY DECIMAL CLASSIFICATION NUMBER
Classification number 576 ATLP
100 ## - MAIN ENTRY--PERSONAL NAME
Personal name ATLAS (Ronald M)
245 ## - TITLE STATEMENT
Title Principles of microbiology Ed 2
250 ## - EDITION STATEMENT
Edition statement
260 ## - PUBLICATION, DISTRIBUTION, ETC.
Place of publication, distribution, etc. New Delhi
Name of publisher, distributor, etc. McGraw Hill Education (India) Private Limited
Date of publication, distribution, etc. 2015
300 ## - PHYSICAL DESCRIPTION
Extent xxix,,1298
650 ## - SUBJECT ADDED ENTRY--TOPICAL TERM
Topical term or geographic name entry element Principles
650 ## - SUBJECT ADDED ENTRY--TOPICAL TERM
Topical term or geographic name entry element microbiology
650 ## - SUBJECT ADDED ENTRY--TOPICAL TERM
Topical term or geographic name entry element Ed
650 ## - SUBJECT ADDED ENTRY--TOPICAL TERM
Topical term or geographic name entry element 2
690 ## - LOCAL SUBJECT ADDED ENTRY--TOPICAL TERM (OCLC, RLIN)
Topical term or geographic name as entry element Microbiology
906 ## - LOCAL DATA ELEMENT F, LDF (RLIN)
a 072767
Holdings
Withdrawn status Lost status Damaged status Not for loan Collection code Home library Current library Shelving location Date acquired Source of acquisition Cost, normal purchase price Total Checkouts Full call number Barcode Date last seen Price effective from Koha item type
          St Aloysius Library St Aloysius Library   02/17/2021 Intact Bookhouse Pvt. Ltd, Bangalore-560050 4495.00   576 ATLP 072767 02/17/2021 02/17/2021 Book